000 00890cam a22003017a 4500
003 CHAP
005 20220329134049.0
008 971013s1985 r 00010 d
010 _a14865
011 _a15837
035 _a19914
040 _cCHAP
090 _aFolleto 7101 (1985)
100 0 0 _aBennison, G. M.
_911626
245 1 3 _aAn introduction to geological structures and maps.
250 _a4 ed.
260 _aLondon:
_bArnold,
_c1985
300 _a64 p.
_b; gráfs.
590 _aBATCH-UPD
_b10
_c20130110
_lUCH01
_h1754
590 _aBATCH-UPD
_b10
_c20130410
_lUCH01
_h1131
590 _aBATCH-UPD
_b10
_c20130914
_lUCH01
_h1538
590 _aCONVERSION
_b10
_c20130109
_lUCH01
_h1309
650 1 4 _aGeología
_xMapas.
_947626
650 1 4 _aTectónica.
_9111978
901 _aBK
942 _cFOLL
949 _aFolleto 7101 (1985)
_bBC
_cFOLL
_d-46409
_eTS1
_gI. c/e
_i19914
_si
_t2.16
999 _c14865
_d14865